000 00670nam a2200241Ia 4500
003 OSt
005 20220918201134.0
006 a|||||r|||| 00| 0
007 ta
008 220917b |||||||| |||| 00| 0 eng d
024 _a91,941
037 _cTextual
040 _aARTS
_cARTS
_beng
041 _2eng
_aeng
082 _aU8.7351.L.N93, N6
100 _aSoja E W
_997040
245 0 _aThird space
_b journey to Los Angeles and other real and Imagined places
260 _aCambridge
_bBlackwell
_c1996
300 _axii, 334p.
_ccm.
650 _aGEOGRAPHY
942 _hU8.7351.L.N93, N6
_cTEXL
_2CC
999 _c215595
_d215595